000 00821nmc a2200277 a 4500
003 AR-BaBNM
005 20251128203034.0
008 155019s1992 ||||||||||||||000 | spa||
020 _a84-7112-033-X
040 _cAR-BaBNM
100 1 _aRepetto Talavera, Elvira
245 1 0 _aFundamentos de orientación
_bla empatía en el proceso orientador
250 _a2ª ed.
260 _aMadrid
_bEdiciones Morata
_c1992
300 _a252 p.
490 0 _aPedagogía. Orientación pedagógica
504 _aBibliografía: p. 241-252
650 4 _aOBJETIVOS DE LA ORIENTACION
650 4 _aPSICOLOGIA DE LA EDUCACION
650 4 _aEVALUACION DE LA PERSONALIDAD
650 4 _aTEORIAS DE LA PERSONALIDAD
653 _aORIENTACION EDUCATIVA
700 1 _aYela, Mariano
_eprologuista
942 _cBK
998 _cSILVI
999 _c1617
_d1617